[Event "Faergen Cup 2013"]
[Site "Allinge DEN"]
[Date "2013.09.15"]
[Round "8.8"]
[White "Malmdin,N"]
[Black "Larsen,Arne Walther"]
[Result "1-0"]
[WhiteElo "2230"]
[BlackElo "1873"]

1.e4 g6 2.d4 Bg7 3.Nc3 d6 4.Be3 Nf6 5.h3 c6 6.a4 Nbd7 7.Nf3 O-O 8.Qd2 e5
9.dxe5 dxe5 10.Bd3 Re8 11.Bh6 Qc7 12.O-O Nf8 13.a5 Ne6 14.Bxg7 Kxg7 15.Ne2 Bd7
16.Qc3 Nf8 17.Ng3 h6 18.b4 Rac8 19.Bc4 Be6 20.Nxe5 Kh7 21.Rae1 N8d7 22.Nxf7 Bxc4
23.Qxc4 Re7 24.e5 Nd5 25.e6 N7f6 26.Ne4 Nxe4 27.Rxe4 Rce8 28.Rfe1 Nf6 29.R4e2 Nd5
30.g3 Qc8  1-0

[Event "Faergen Cup 2013"]
[Site "Allinge DEN"]
[Date "2013.09.15"]
[Round "8.16"]
[White "Christiansen,Ni"]
[Black "Brogaard,Lars"]
[Result "1-0"]
[WhiteElo "1669"]
[BlackElo "1567"]

1.e4 g6 2.d4 d6 3.Nc3 Bg7 4.Be3 a6 5.Bc4 b5 6.Bb3 Bb7 7.f3 Nd7 8.a4 b4 9.Nce2 e6
10.Ng3 c5 11.N1e2 a5 12.Rb1 Ne7 13.O-O Rc8 14.dxc5 Nxc5 15.Bd4 e5 16.Bf2 Nxb3
17.cxb3 d5 18.exd5 Bxd5 19.Ne4 O-O 20.Qd3 Rc6 21.Rfd1 Qc7 22.Rdc1 Rd8 23.Rxc6 Bxc6
24.Qc4 Bh6 25.g4 Qb7 26.g5 Bg7 27.Rc1 Bxe4 28.fxe4 Qd7 29.Ng3 Rc8 30.Qf1 Rd8
31.Bb6  1-0

[Event "TCh-CRO 2a Liga 2013"]
[Site "Bol CRO"]
[Date "2013.09.16"]
[Round "3.1"]
[White "Muse,D"]
[Black "Stojkovic,A"]
[Result "1-0"]
[WhiteElo "2398"]
[BlackElo "2034"]

1.d4 g6 2.e4 d6 3.Nc3 Bg7 4.f4 b6 5.Nf3 Bb7 6.Bd3 Nd7 7.O-O c5 8.d5 Nh6 9.Qe1 Rc8
10.Bc4 a6 11.a4 Kf8 12.Ng5 Kg8 13.Qh4 Ra8 14.h3 Bc8 15.Bd2 Rb8 16.Rac1 Bd4+
17.Kh1 Bg7 18.g4 Nf8 19.Nf3 f6 20.e5 dxe5 21.fxe5 Nf7 22.d6 exd6 23.exf6 Bxf6
24.Bg5 Kg7 25.Bxf7 Bb7 26.Bd5 h6 27.Bxf6+  1-0

[Event "Gaprindashvili Cup"]
[Site "Tbilisi GEO"]
[Date "2013.09.17"]
[Round "9.9"]
[White "Nigalidze,G"]
[Black "Lomsadze,D"]
[Result "1-0"]
[WhiteElo "2508"]
[BlackElo "2339"]

1.d4 g6 2.e4 Bg7 3.Nc3 d6 4.f4 c6 5.Nf3 b5 6.a3 a6 7.Be3 Nd7 8.Be2 Ngf6 9.e5 Nd5
10.Nxd5 cxd5 11.Bd3 f5 12.O-O e6 13.g4 O-O 14.gxf5 exf5 15.a4 bxa4 16.Rxa4 Nb6
17.Ra2 a5 18.Qe2 a4 19.Bd2 Re8 20.Bb4 Bf8 21.Be1 Bd7 22.h4 dxe5 23.fxe5 Nc4
24.Qf2 Qb6 25.Bc3 Rac8 26.Re1 f4 27.Bxc4 Rxc4 28.Nd2 Rcc8 29.Qxf4 Bg7 30.Nf3 Rf8
31.Qg3 Bh6 32.Ng5 Bxg5 33.Qxg5 Rf3 34.Raa1 Bb5 35.e6 Qd6 36.Re5 Re8 37.Qg2 Rf4
38.Rxd5 Qb8 39.Re5 Rxh4 40.Rae1 Qb6 41.Qg3 Rxd4 42.Rxb5  1-0

[Event "TCh-CRO 2a Liga 2013"]
[Site "Bol CRO"]
[Date "2013.09.18"]
[Round "5.4"]
[White "Ciganovic,N"]
[Black "Curic,D"]
[Result "0-1"]
[WhiteElo "2283"]
[BlackElo "2245"]

1.e4 g6 2.d4 Bg7 3.Nc3 d6 4.f4 Nf6 5.Nf3 O-O 6.Bd3 c5 7.dxc5 dxc5 8.O-O Nc6
9.e5 Nd5 10.Ne4 Ncb4 11.a3 Nxd3 12.Qxd3 b6 13.Rd1 Bb7 14.Qb3 Qc7 15.Qc4 Qc6
16.Ng3 Rad8 17.f5 Nc7 18.Bf4 Rd5 19.e6 fxe6 20.Bxc7 Qxc7 21.Ng5 Qc6 22.Re1 Rd2
23.Qxe6+ Qxe6 24.Nxe6 Rxg2+ 25.Kf1 Rxg3 26.hxg3 Rxf5+ 27.Kg1 Bxb2 28.Rad1 Rd5
29.Rxd5 Bxd5 30.Nc7 e6 31.Nxd5 exd5 32.Re7 Bxa3 33.Rxa7 Bb4 34.Rb7 c4 35.Kf1 Bc5
36.Ke2 h5 37.Kf3 d4 38.Rc7 Kf8 39.Ke2 Kg8 40.Kf3 g5 41.Rd7 h4 42.g4 Kf8 43.Ke2 Ke8
44.Rb7 Kd8 45.Kd2 Bd6 46.Rxb6 Kc7 47.Rb1 h3 48.Ke2 h2 49.Kf3 Kc6 50.Ke4 Kc5
51.Rh1 Bf4 52.Kf3 Kb4 53.Ke2 Kc3 54.Kd1 Kb2 55.Rf1 Be3 56.Rh1 Bg1  0-1

[Event "e2e4 Bedford Open 2013"]
[Site "Bedford ENG"]
[Date "2013.09.20"]
[Round "1"]
[White "Hunt,A"]
[Black "Salem,I"]
[Result "1-0"]
[WhiteElo "2426"]
[BlackElo "2114"]

1.e4 g6 2.d4 Bg7 3.Nc3 d6 4.Be3 a6 5.f4 b5 6.Bd3 Nd7 7.e5 Bb7 8.Be4 Bxe4
9.Nxe4 d5 10.Nf2 e6 11.Qf3 Ne7 12.g4 h5 13.h3 c5 14.dxc5 Qa5+ 15.Kf1 Rc8
16.Nd3 hxg4 17.hxg4 Rxh1 18.Qxh1 d4 19.Bxd4 Qa4 20.Ne2 Qxc2 21.Qf3 Nc6 22.Bf2 b4
23.Ng3 f5 24.exf6 Nxf6 25.Kg1 Nd5 26.Qe4 Nde7 27.Rc1 Qa4 28.Qxe6 Rd8 29.Re1 Kf8
30.f5 gxf5 31.Nxf5 Nxf5 32.gxf5 b3 33.f6 Bh6 34.f7 Bd2 35.Qe8+ Kg7  1-0

[Event "TCh-CRO 2a Liga 2013"]
[Site "Bol CRO"]
[Date "2013.09.20"]
[Round "7.3"]
[White "Ciganovic,N"]
[Black "Maras,M"]
[Result "0-1"]
[WhiteElo "2283"]
[BlackElo "2221"]

1.e4 d6 2.d4 g6 3.Nc3 Bg7 4.Bg5 c6 5.Qd2 h6 6.Be3 Nf6 7.f3 b5 8.O-O-O b4
9.Na4 a5 10.d5 Nfd7 11.dxc6 Nxc6 12.Bc4 Bb7 13.Ne2 Nce5 14.Bb5 Bc6 15.Bxc6 Nxc6
16.f4 Qc7 17.g4 Rb8 18.Ng3 Nc5 19.Nxc5 dxc5 20.Bxc5 O-O 21.Qe3 a4 22.Kb1 Na5
23.e5 Rfc8 24.Ne4 Rb5 25.b3 Rxc5 26.Nxc5 Qxc5 27.Qxc5 Rxc5 28.Rd8+ Bf8 29.Rhd1 axb3
30.cxb3 e6 31.Re8 Nc6 32.Rd7 g5 33.Rc7 Kg7 34.Rcc8 Na7 35.Ra8 Nb5 36.fxg5 hxg5
37.Rxf8 Na3+ 38.Rxa3 bxa3 39.Ra8 Rxe5 40.Rxa3 Re1+ 41.Kc2 Re2+ 42.Kc3 Rxh2
43.Ra5 Kg6 44.Ra6 Rh4 45.b4 Rxg4 46.b5 Rg1 47.Ra4 Rc1+ 48.Kb2 Rc8 49.b6 f5
50.b7 Rb8 51.Rb4 g4 52.Kc3 g3 53.Rb2 f4 54.Kd3 f3 55.Ke3 f2 56.Ke2 Rf8  0-1

[Event "TCh-CRO Ia Liga 2013"]
[Site "Bol CRO"]
[Date "2013.09.20"]
[Round "7.5"]
[White "Rosandic,D"]
[Black "Sulava,N"]
[Result "0-1"]
[WhiteElo "2256"]
[BlackElo "2481"]

1.e4 g6 2.d4 Bg7 3.Nc3 d6 4.Nge2 Nc6 5.h3 e5 6.Be3 Nf6 7.g4 d5 8.dxe5 Nxe5
9.Bg2 Nc4 10.exd5 Nxe3 11.fxe3 h5 12.g5 Nd7 13.h4 f6 14.Nf4 Ne5 15.Ne6 Bxe6
16.dxe6 c6 17.Qe2 O-O 18.Ne4 f5 19.Nd2 Qd6 20.O-O-O Qxe6 21.Kb1 Rae8 22.e4 f4
23.Bh3 Qe7 24.Rhf1 b5 25.Qh2 f3 26.Rf2 Rd8 27.Rdf1 Kh8 28.Qh1 Rxd2 29.Rxd2 Nc4
30.Rd3 Qb4 31.Rb3 Nd2+ 32.Kc1 Nxb3+ 33.axb3 Qxe4  0-1

[Event "63rd TCh-BUL GpB 2013"]
[Site "Sunny Beach BUL"]
[Date "2013.09.20"]
[Round "2.5"]
[White "Naydenov,Nayden"]
[Black "Ivanov,Tsv"]
[Result "0-1"]
[WhiteElo "2010"]
[BlackElo "2165"]

1.e4 d6 2.d4 g6 3.Nc3 Bg7 4.Be3 Nd7 5.Qd2 c5 6.Nge2 a6 7.O-O-O Qa5 8.Kb1 c4
9.Nc1 b5 10.Nd5 Qxd2 11.Rxd2 Rb8 12.f3 e6 13.Nf4 Ne7 14.h4 h5 15.d5 e5 16.Nh3 Nb6
17.c3 Bxh3 18.Rxh3 Bh6 19.Bxh6 Rxh6 20.g4 Kd7 21.g5 Rh7 22.f4 Nec8 23.Rf3 Ke7
24.Bh3 Nd7 25.f5 Ncb6 26.Rdf2 Nc5 27.fxg6 fxg6 28.Be6 Nxe6 29.dxe6 Rg8 30.Rf7+ Rxf7
31.Rxf7+ Kxe6 32.Ra7 Na4 33.Rxa6 Nc5 34.Rb6 Nxe4 35.Rxb5 Nd2+ 36.Kc2 Nf3
37.b3 cxb3+ 38.axb3 Nxh4 39.b4 Nf3 40.Ra5 h4 41.Ne2 Nxg5 42.c4 Nf3 43.Ra6 Kd7
44.Ra7+ Ke6 45.Ra6 Nd4+ 46.Nxd4+ exd4 47.Kd3 h3 48.Ra2 g5  0-1

[Event "63rd TCh-BUL GpB 2013"]
[Site "Sunny Beach BUL"]
[Date "2013.09.20"]
[Round "3.3"]
[White "Nikolov,J"]
[Black "Delchev,P"]
[Result "1-0"]
[WhiteElo "2047"]
[BlackElo "2263"]

1.e4 g6 2.d4 Bg7 3.Nc3 d6 4.Nf3 Nf6 5.Be2 Bg4 6.O-O Nc6 7.Be3 O-O 8.Qd2 Nd7
9.h3 Bxf3 10.Bxf3 e5 11.d5 Ne7 12.g3 Kh8 13.Bg2 Ng8 14.Ne2 h5 15.c4 Kh7 16.b4 Bh6
17.f4 exf4 18.gxf4 Qe7 19.Nc3 Bg7 20.Rae1 Rfd8 21.Bd4 Bxd4+ 22.Qxd4 Re8 23.Nb5 Qd8
24.c5 a6 25.Nc3 Qb8 26.e5 Nh6 27.Ne4 Nf5 28.Ng5+ Kg8 29.Qc3 dxe5 30.fxe5 Qd8
31.h4 Nf8 32.Be4 Nh6 33.e6 f5 34.Bf3 Nh7 35.Qe3 Nf6 36.Rd1 Nfg4 37.Qf4 a5
38.b5 Qf6 39.Qxc7 Re7 40.Qf4 Qc3 41.Rc1 Qb2 42.d6 Rg7 43.a4 Ne5 44.e7  1-0

[Event "e2e4 Bedford Open 2013"]
[Site "Bedford ENG"]
[Date "2013.09.21"]
[Round "3"]
[White "Sisoev,Robert"]
[Black "Salem,I"]
[Result "0-1"]
[WhiteElo "1791"]
[BlackElo "2114"]

1.e4 g6 2.d4 Bg7 3.Nc3 d6 4.f4 a6 5.Nf3 b5 6.a3 Nd7 7.Be3 Bb7 8.Bd3 c5 9.O-O Ngf6
10.e5 Ng4 11.Bd2 cxd4 12.Nxd4 dxe5 13.Ndxb5 Qb6+ 14.Kh1 Nf2+ 15.Rxf2 Qxf2
16.Nc7+ Kd8 17.Nxa8 Qxg2+  0-1

[Event "1st League Cent-SRB 2013"]
[Site "Kragujevac SRB"]
[Date "2013.09.21"]
[Round "10.1"]
[White "Zajic,Milan"]
[Black "Pavlovic,Milos"]
[Result "0-1"]
[WhiteElo "2302"]
[BlackElo "2496"]

1.e4 d6 2.d4 g6 3.Nc3 Bg7 4.Nf3 Nf6 5.h3 O-O 6.Be3 a6 7.Bd3 Nc6 8.Qd2 e5
9.dxe5 dxe5 10.O-O Be6 11.Ng5 Qe7 12.Nxe6 Qxe6 13.Ne2 Rfd8 14.Qc3 b5 15.b4 Nd4
16.Bxd4 exd4 17.Qxc7 Nxe4 18.Qf4 Nd6 19.a4 Qd5 20.axb5 axb5 21.Ra5 Re8 22.Rfa1 Rab8
23.Ra7 Nc4 24.Be4 Qe6 25.R1a6 Rb6 26.Rxb6 Nxb6 27.Qf3 Re7 28.Rxe7 Qxe7 29.Bd3 Qxb4
30.g3 Nc4 31.Qa8+ Bf8 32.Nxd4 Ne5 33.Nc6 Qb1+ 34.Kg2 Nxd3 35.cxd3 Qxd3 36.Nb4 Qd4
37.Nd5 b4 38.Qb7 Bc5 39.Ne3 Kg7 40.Ng4 h5 41.Ne3 Qd2 42.Kf3 Bxe3 43.fxe3 Qc3
44.g4 h4 45.Qd5 b3 46.g5 b2 47.Qe4 Qc5 48.Kg2 Qxg5+ 49.Kh1 Qb5  0-1

[Event "TCh-NED Meesterklasse 2013-14"]
[Site "Netherland NED"]
[Date "2013.09.21"]
[Round "1.10"]
[White "Kevlishvili,Robby"]
[Black "Roobol,M"]
[Result "0-1"]
[WhiteElo "2056"]
[BlackElo "2330"]

1.e4 g6 2.d4 Bg7 3.Nc3 d6 4.Be3 a6 5.Qd2 Nd7 6.h4 h6 7.f3 b5 8.h5 g5 9.O-O-O Nb6
10.Bd3 c6 11.Kb1 Nf6 12.Nce2 Qc7 13.c3 Rb8 14.g4 Be6 15.Ng3 Nc4 16.Bxc4 bxc4
17.Nf5 Bxf5 18.gxf5 Qa5 19.Ka1 Nd7 20.Nh3 Nb6 21.Nf2 Na4 22.Rb1 Rb5 23.Qc2 Kd7
24.Nd1 Rhb8 25.Rg1 c5 26.f6 Bxf6 27.e5 cxd4 28.exf6 dxe3 29.fxe7 Re5 30.Re1 Nc5
31.a3 Qb6 32.Qg2 Kxe7 33.Re2 Kf8 34.Qg1 Rbe8 35.Qg4 Nb3+ 36.Ka2 Nd2 37.Rc1 Qb3+
38.Ka1 Ra5  0-1

[Event "e2e4 Bedford Open 2013"]
[Site "Bedford ENG"]
[Date "2013.09.22"]
[Round "5"]
[White "Eames,R"]
[Black "Mangione,C"]
[Result "0-1"]
[WhiteElo "2223"]
[BlackElo "2146"]

1.e4 g6 2.d4 Bg7 3.Nc3 d6 4.f4 Nc6 5.Be3 Nf6 6.h3 O-O 7.g4 e6 8.Bg2 Ne7 9.Qd2 Rb8
10.Nge2 b5 11.Ng3 b4 12.Nce2 Nd7 13.f5 c5 14.Bh6 cxd4 15.Bxg7 Kxg7 16.O-O-O e5
17.h4 f6 18.g5 Qa5 19.Kb1 Rb6 20.fxg6 Nxg6 21.Nh5+ Kh8 22.Rdf1 Ba6 23.gxf6 Bxe2
24.Qxe2 Ra6 25.Qc4 Nb6 26.Qb3 Na4 27.f7 Nc5 28.Qc4 b3 29.a3 bxc2+ 30.Qxc2 Rb6
31.Qf2 d5 32.Rd1 dxe4 33.Rxd4 Nd3 34.Rxd3 exd3 35.Rd1 Qb5 36.Rd2 Qc4 37.Qe3 Rd6
38.Qxa7 Qxf7 39.Qc5 Rd4 40.Qc3 Rfd8 41.Ng3 Qf4 42.Nh5 Qg4  0-1

[Event "TCh-CRO 2a Liga 2013"]
[Site "Bol CRO"]
[Date "2013.09.22"]
[Round "9.4"]
[White "Rubil,M"]
[Black "Maras,M"]
[Result "0-1"]
[WhiteElo "2221"]
[BlackElo "2221"]

1.e4 g6 2.d4 d6 3.Nc3 Bg7 4.f4 c6 5.Nf3 d5 6.e5 Bg4 7.h3 Bxf3 8.Qxf3 e6 9.Bd3 Nd7
10.Be3 Ne7 11.O-O h5 12.Ne2 h4 13.c4 dxc4 14.Bxc4 Nb6 15.Bd3 Nf5 16.Bf2 Nd5
17.a3 Bf8 18.b4 a6 19.Rfc1 Be7 20.Rc2 Kf8 21.Nc1 a5 22.b5 cxb5 23.Bxb5 Rc8
24.Raa2 Kg7 25.Bd3 Rxc2 26.Rxc2 Qd7 27.Nb3 b6 28.Nd2 Rc8 29.Nc4 Qa4 30.Nb2 Qxc2
31.Bxc2 Rxc2 32.Na4 Ra2 33.Qb3 Rxa3 34.Qb5 Ng3 35.Kh2 Ne4 36.Bg1 Nec3 37.Nxc3 Rxc3
38.Bf2 Rc2 39.Kg1 Rc7 40.Qa6 Rc1+ 41.Kh2 Ra1 42.g3 hxg3+ 43.Kxg3 Ra2 44.Qc4 Bh4+
45.Kxh4 Rxf2 46.Kg3 Rxf4 47.Qa4 Re4 48.Kf3 Rh4 49.Kg3 Rh8 50.Kg4 Ne3+ 51.Kg3 Nf5+
52.Kg2 Rd8 53.Qb5 Rxd4 54.Qxb6 a4 55.Qa7 Rd2+ 56.Kf3 Rd3+ 57.Kg2 a3 58.Qa5 Ne3+
59.Kf2 Nc4 60.Qb5 Rc3 61.Qa4 Nxe5 62.Qd4 Rf3+ 63.Kg2 Rf5 64.Qa1 g5 65.Qxa3 Ng6
66.Qc3+ Kh7 67.Qc7 Nh4+ 68.Kh2 Ng6 69.Kg3 Ne5 70.Qb8 Nd7 71.Qe8 Ne5 72.Qb8 Kg7
73.Qc7 Ng6 74.Qc3+ Re5 75.Qd4 f5 76.Qd7+ Kh6 77.Qd8 Re3+ 78.Kh2 f4 79.Qf6 e5
80.Kg2 e4 81.Qa6 Re2+ 82.Kf1 Rh2 83.Qe6 e3 84.Ke1 f3 85.Qxe3 Re2+ 86.Qxe2 fxe2
87.Kxe2 Kh5 88.Kf3 Kh4  0-1

[Event "ch-CYP 2013"]
[Site "Nikosia/Larnaca/Limassol CYP"]
[Date "2013.09.22"]
[Round "6"]
[White "Boulos,Vrahimis"]
[Black "Antoniou,A"]
[Result "0-1"]
[WhiteElo "2084"]
[BlackElo "2206"]

1.e4 d6 2.d4 g6 3.Nc3 Bg7 4.f4 c6 5.Nf3 Bg4 6.Be2 e6 7.O-O Ne7 8.Ng5 Bxe2
9.Nxe2 h6 10.Nf3 d5 11.e5 Nd7 12.b3 c5 13.Kh1 a6 14.Ba3 Qa5 15.Bb2 Rc8 16.c3 Nf5
17.Qd2 cxd4 18.Nexd4 Nxd4 19.Nxd4 Nc5 20.b4 Ne4 21.Qd3 Qc7 22.a4 O-O 23.a5 Rfe8
24.b5 Qc4 25.Qxc4 Rxc4 26.Ra3 Rec8 27.Nc6 bxc6 28.b6 Bf8 29.Ra2 Rb8 30.g3 Nxc3
31.Raa1 Na4 32.Ba3 Bxa3 33.Rxa3 Nc5 34.Rb1 Nb7  0-1

[Event "9th Highlands Open"]
[Site "Trebic CZE"]
[Date "2013.09.22"]
[Round "3"]
[White "Sladek,Vl"]
[Black "Jelinek,V"]
[Result "1/2-1/2"]
[WhiteElo "2024"]
[BlackElo "1993"]

1.e4 g6 2.d4 Bg7 3.Nc3 d6 4.h4 Nf6 5.Be2 c5 6.Nf3 cxd4 7.Nxd4 h5 8.Be3 Nc6
9.Qd2 a6 10.O-O-O Bd7 11.Kb1 b5 12.f3 Ne5 13.Rhe1 Nc4 14.Bxc4 bxc4 15.Ka1 Rb8
16.Rb1 Qc8 17.Nde2 Bc6 18.Qd4 Ba8 19.Bg5 O-O 20.Qe3 Qc7 21.Bh6 Qb6  1/2-1/2

[Event "XXI Vallfogona Rapid Open"]
[Site "Vallfogona de Balaguer ESP"]
[Date "2013.09.22"]
[Round "9.2"]
[White "Mellado Trivino,J"]
[Black "Movsziszian,K"]
[Result "1-0"]
[WhiteElo "2443"]
[BlackElo "2503"]

1.d4 g6 2.Nc3 Bg7 3.e4 d6 4.Bg5 a6 5.a4 Nc6 6.Nge2 h6 7.Be3 e5 8.d5 Nce7
9.f3 f5 10.Qd2 Nf6 11.h3 f4 12.Bf2 O-O 13.O-O-O b5 14.a5 Bd7 15.Na2 Qc8 16.Kb1 Rd8
17.Nb4 Bf8 18.Nc3 Qb7 19.Rg1 Kh7 20.Qe1 Rac8 21.Be2 c5 22.dxc6 Nxc6 23.Ncd5 Nh5
24.Bb6 Re8 25.c4 Nxb4 26.Qxb4 bxc4 27.Bxc4 Kg7 28.Rc1 Rc6 29.Bf2 Qa8 30.Qb3 Be7
31.Nb6 Qa7 32.Rc2 Nf6 33.Rgc1 Qc7 34.Bxa6 Rxc2 35.Rxc2 Qa7 36.Bb5 Rb8 37.Bxd7 Qxa5
38.Qa4 Bf8  1-0

[Event "XXI Vallfogona Rapid Open"]
[Site "Vallfogona de Balaguer ESP"]
[Date "2013.09.22"]
[Round "11.4"]
[White "Guerra Mendez,J"]
[Black "Movsziszian,K"]
[Result "1-0"]
[WhiteElo "2519"]
[BlackElo "2503"]

1.e4 g6 2.d4 Bg7 3.Nc3 d6 4.Be3 a6 5.Qd2 b5 6.h4 h5 7.Nh3 Bb7 8.Ng5 Nf6 9.f3 e6
10.O-O-O Nbd7 11.Kb1 Qe7 12.g3 Rd8 13.Bh3 O-O 14.Rhg1 c5 15.Rge1 cxd4 16.Bxd4 e5
17.Bf2 Nc5 18.b4 Ne6 19.Nd5 Nxd5 20.exd5 Nc7 21.Bb6 Ra8 22.Bxc7 Qxc7 23.g4 hxg4
24.Bxg4 a5 25.Ne6 fxe6 26.Bxe6+ Kh8 27.Rg1 Rf4 28.Rxg6 axb4 29.Rg5 Bh6 30.Rg6 Kh7
31.Qg2 Rxh4 32.Rg1 b3 33.axb3 Bxd5 34.Bxd5 Qa7 35.Bxa8  1-0

[Event "Baku Open 2013"]
[Site "Baku AZE"]
[Date "2013.09.23"]
[Round "5.20"]
[White "Artemiev,V"]
[Black "Iskandarov,M"]
[Result "1-0"]
[WhiteElo "2560"]
[BlackElo "2406"]

1.e4 g6 2.d4 Bg7 3.Nc3 d6 4.f4 Nf6 5.Nf3 c5 6.Bb5+ Nfd7 7.dxc5 dxc5 8.e5 O-O
9.O-O a6 10.Bd3 Nb6 11.Be3 Qc7 12.Qe2 Bg4 13.h3 Bxf3 14.Qxf3 Nc6 15.Qf2 Nd7
16.Be4 e6 17.Na4 b6 18.Rad1 Rad8 19.Qe2 Ndb8 20.c3 Rxd1 21.Rxd1 Rd8 22.Rc1 Bf8
23.b4 Ne7 24.bxc5 b5 25.Nb2 Nf5 26.Bxf5 exf5 27.Nd3 a5 28.e6 Nc6 29.Bf2 Re8
30.exf7+ Qxf7 31.Qc2 Qc4 32.a3 Re4 33.Nb2 Qe6 34.Qd3 Rxf4 35.Qxb5 Re4 36.Rd1 h5
37.Nd3 Bg7 38.Ne1 Ne5 39.Nf3 Nxf3+ 40.gxf3 Rc4 41.Rd6 Qe2 42.c6 Qa2 43.c7 Kh7
44.Rc6  1-0

[Event "63rd TCh-BUL GpB 2013"]
[Site "Sunny Beach BUL"]
[Date "2013.09.23"]
[Round "7.2"]
[White "Ninov,V"]
[Black "Dimov,Di"]
[Result "1/2-1/2"]
[WhiteElo "2293"]
[BlackElo "2289"]

1.e4 g6 2.d4 Bg7 3.Nc3 d6 4.Bc4 a6 5.a4 e6 6.Nf3 Ne7 7.O-O O-O 8.Re1 Nd7
9.Bg5 h6 10.Bh4 b6 11.Qe2 Bb7 12.Rad1 c6 13.d5 cxd5 14.exd5 e5 15.Bxe7 Qxe7
16.Nd4 Qh4 17.Nc6 f5 18.f3 Qf6 19.g3 Kh7 20.Kg2 h5 21.Rf1 Rfe8 22.Rfe1  1/2-1/2

[Event "Baku Open 2013"]
[Site "Baku AZE"]
[Date "2013.09.27"]
[Round "9.5"]
[White "Khismatullin,D"]
[Black "Shanava,K"]
[Result "1/2-1/2"]
[WhiteElo "2661"]
[BlackElo "2567"]

1.d4 d6 2.e4 g6 3.Nc3 Bg7 4.f4 Nf6 5.Nf3 O-O 6.Bd3 Na6 7.O-O c5 8.d5 Nc7
9.Re1 Rb8 10.a4 b6 11.Nb5 a6 12.Na7 Bb7 13.Nc6 Bxc6 14.dxc6 e5 15.c3 Qe8
16.Qe2 b5 17.axb5 axb5 18.c4 bxc4 19.Bxc4 Qxc6 20.fxe5 Nxe4 21.Qxe4  1/2-1/2

[Event "12th Forchheim Open A 2013"]
[Site "Forchheim GER"]
[Date "2013.09.27"]
[Round "1.24"]
[White "De Silva,Joel Niels"]
[Black "Eber,F"]
[Result "1/2-1/2"]
[WhiteElo "1915"]
[BlackElo "2004"]

1.e4 d6 2.d4 g6 3.Nc3 Bg7 4.Nf3 Nf6 5.Be2 O-O 6.Bg5 c6 7.Qd2 b5 8.a3 Bb7
9.Rd1 a5 10.Bd3 Nbd7 11.O-O b4 12.axb4 axb4 13.Ne2 Qb6 14.h4 c5 15.Ng3 cxd4
16.Bh6 Ra5 17.Bxg7 Kxg7 18.Ng5 h6 19.Nf3 e5 20.h5 Nc5 21.Nh4 Bc8 22.f4 Nxd3
23.cxd3 Bg4 24.hxg6 fxg6 25.Rc1 Rc8 26.Rxc8 Bxc8 27.f5 g5 28.Nf3 Nh7 29.Nh5+ Kf8
30.Nh4 Rc5 31.Ng6+ Kf7 32.Qd1 b3 33.Ng3 Nf6 34.Nh5 Nh7 35.Qf3 Qd8 36.Qh3 g4
37.Qxg4 Qg5 38.Nh8+ Kg8 39.Qxg5+ hxg5 40.Ng6 Kf7 41.Nh8+ Kg8 42.Ng6 Kf7 43.Ra1 Rc7
44.Ra3 Nf6 45.Nxf6 Kxf6 46.Rxb3 Rb7 47.Rxb7 Bxb7 48.Kf2 Ba6 49.Ke2 Kf7 50.Nh8+ Kg8
51.Ng6 Kf7 52.Nh8+ Kg8  1/2-1/2

[Event "TCh-NOR Club 2013"]
[Site "Fagernes NOR"]
[Date "2013.09.28"]
[Round "3.4"]
[White "Hanssen,Johnny"]
[Black "Trygstad,K"]
[Result "0-1"]
[WhiteElo "1896"]
[BlackElo "2216"]

1.e4 g6 2.d4 Bg7 3.Nc3 d6 4.Be3 a6 5.a4 Nd7 6.Nf3 Ngf6 7.h3 O-O 8.Qd2 e5
9.dxe5 dxe5 10.Bg5 c6 11.Bc4 Qc7 12.O-O Nc5 13.Qe3 Ne6 14.Bxe6 Bxe6 15.a5 Nh5
16.Qc5 f6 17.Be3 Rf7 18.Qb4 Bf8 19.Qb6 Qc8 20.Kh2 g5 21.Rad1 g4 22.Nh4 gxh3
23.g3 Ng7 24.Rd2 f5 25.Rfd1 Be7 26.Bc5 Qf8 27.Bd6 f4 28.Bxe7 Qxe7 29.Rd8+ Rf8
30.Rxa8 Rxa8 31.Ne2 fxg3+ 32.fxg3 Bg4 33.Qb3+ Kh8 34.Qe3 Rf8 35.Qh6 Qe6  0-1

[Event "12th Forchheim Open A 2013"]
[Site "Forchheim GER"]
[Date "2013.09.28"]
[Round "2.7"]
[White "Geisensetter,F"]
[Black "Walter,F"]
[Result "0-1"]
[WhiteElo "2094"]
[BlackElo "2127"]

1.e4 g6 2.d4 Bg7 3.Nc3 d6 4.Bg5 Nd7 5.Nf3 h6 6.Be3 a6 7.Bd3 b5 8.O-O Bb7
9.a3 e6 10.Ne2 Ne7 11.c3 O-O 12.Nd2 c5 13.f3 Rc8 14.a4 Bc6 15.axb5 axb5 16.Bc2 Qc7
17.Nb3 c4 18.Na5 Ra8 19.Nxc6 Qxc6 20.Qd2 Kh7 21.Nf4 Rxa1 22.Rxa1 Ra8 23.Rxa8 Qxa8
24.Qc1 Qb7 25.h4 e5 26.Ne2 b4 27.Qa1 b3 28.Bd1 f5 29.d5 Nf6 30.Qa4 Qc7 31.Nc1 fxe4
32.fxe4 Nxe4 33.Bxb3 Nxd5 34.Bc2 Nxe3 35.Bxe4 Qf7 36.Bf3 e4 37.Be2 Be5 38.Qc6 Bg3
39.Kh1 Qe7  0-1

[Event "TCh-BEL 2013-14"]
[Site "Belgium BEL"]
[Date "2013.09.29"]
[Round "2.5"]
[White "Gulbas,C"]
[Black "Kerigan,D"]
[Result "0-1"]
[WhiteElo "2377"]
[BlackElo "2281"]

1.e4 d6 2.d4 g6 3.Nc3 Bg7 4.Be3 a6 5.Qd2 b5 6.O-O-O Bb7 7.f3 Nd7 8.h4 h5
9.Nh3 c5 10.dxc5 Nxc5 11.Ng5 Rc8 12.Kb1 Qa5 13.Bd4 Nf6 14.a3 Qc7 15.g3 O-O
16.Bh3 Rb8 17.Rhe1 Rfd8 18.f4 e5 19.Bg1 Ba8 20.Nd5 Bxd5 21.exd5 exf4 22.gxf4 a5
23.Bxc5 Qxc5 24.Re7 Rf8 25.Be6 b4 26.Bxf7+ Kh8 27.a4 b3 28.Bxg6 bxc2+ 29.Qxc2 Qb4
30.Rxg7 Rfc8 31.Qg2 Kxg7 32.Bf5 Rg8 33.Qc2 Rge8 34.Qc7+ Kh8 35.Nf7+ Kg8 36.Nh6+ Kh8
37.Qc2 Re1 38.Rxe1 Qxe1+ 39.Ka2 Nxd5 40.Nf7+ Kg7 41.Qg2+ Kxf7 42.Qxd5+ Ke7
43.Bd3 Qe6 44.Qxe6+ Kxe6 45.Bg6 Rb4 46.b3 Rxf4 47.Bxh5 Rxh4 48.Be8 Kd5  0-1

[Event "Lichtenrader Herbst 2013"]
[Site "Berlin GER"]
[Date "2013.09.29"]
[Round "2.2"]
[White "Schnoor,E"]
[Black "Chatalbashev,B"]
[Result "1-0"]
[WhiteElo "2091"]
[BlackElo "2537"]

1.e4 g6 2.d4 Bg7 3.Nc3 d6 4.Nf3 Nf6 5.Be2 O-O 6.O-O c6 7.Re1 Qc7 8.Bf4 Nbd7
9.e5 Nh5 10.exd6 exd6 11.Bg5 h6 12.Be3 Nb6 13.h3 Kh7 14.Bd3 f5 15.Nh4 Qd8
16.Nxg6 Kxg6 17.Qg4+ Kh7 18.Qxh5 Qf6 19.Ne2 Nd5 20.Bd2 b5 21.c3 Be6 22.Nf4 Nxf4
23.Bxf4 Bd5 24.Re3 Rad8 25.Rae1 Rd7 26.a3 a5 27.Rg3 Be4 28.Rge3 Bd5 29.R1e2 a4
30.g4 Be4 31.Bxe4 fxe4 32.Rxe4 c5 33.Bg3 cxd4 34.Rxd4 Re7 35.Qxb5 Re5 36.Qd3+ Kh8
37.Bxe5 dxe5 38.Rd6 Qh4 39.Qg3 Qg5 40.Qe3 Rf4 41.Re6 Rxg4+ 42.hxg4 Qxg4+
43.Qg3 Qxe6 44.Rd2 Qf5 45.Rd8+ Kh7 46.c4 e4 47.Rd5 Qe6 48.b4 axb3 49.Qxb3 Bf6
50.Qb7+ Kg6 51.Qd7 Qg8 52.Qg4+ Bg5 53.Qxe4+ Kh5 54.f4 Qb8 55.Qf3+  1-0

[Event "23rd EYCC Open U18 2013"]
[Site "Budva MNE"]
[Date "2013.09.29"]
[Round "1.17"]
[White "Kriebel,T"]
[Black "Kisic,B"]
[Result "1-0"]
[WhiteElo "2365"]
[BlackElo "2071"]

1.e4 g6 2.d4 Bg7 3.Nc3 d6 4.Nf3 a6 5.Bc4 b5 6.Bb3 Nf6 7.O-O O-O 8.Re1 c5
9.dxc5 dxc5 10.e5 c4 11.exf6 exf6 12.Bxc4 bxc4 13.Qd5 Qxd5 14.Nxd5 Nd7 15.Bf4 Bb7
16.Rad1 Bxd5 17.Rxd5 Nb6 18.Ra5 c3 19.b3 Rfc8 20.Be3 Nd7 21.Rd1 Nb8 22.Rc5 Nc6
23.Rxc3 Nb4 24.Rxc8+ Rxc8 25.c4 Nxa2 26.Rd6 Nb4 27.Nd4 f5 28.Rb6 Nd3 29.Nc6 Kf8
30.g3 Ra8 31.Kf1 Ne5 32.Bc5+ Ke8 33.Nxe5 Bxe5 34.Rb7 Bf6 35.Bd6 a5 36.Ba3 a4
37.b4 Rd8 38.Ke2 Bc3 39.b5 Rd2+ 40.Kf1 Rd1+ 41.Kg2 Ra1 42.Bd6 a3 43.c5 Bb4
44.Re7+ Kd8 45.b6 Rb1 46.Ra7  1-0

[Event "23rd EYCC Open U16 2013"]
[Site "Budva MNE"]
[Date "2013.09.29"]
[Round "1.5"]
[White "Ali Marandi,C"]
[Black "Pozanco Romasanta,M"]
[Result "1/2-1/2"]
[WhiteElo "2403"]
[BlackElo "2067"]

1.e4 d6 2.d4 g6 3.Nc3 Bg7 4.Bg5 a6 5.f4 Nd7 6.Nf3 b5 7.Bd3 c5 8.e5 cxd4 9.Ne4 Qa5+
10.Ned2 dxe5 11.fxe5 Nc5 12.O-O Nxd3 13.cxd3 Nh6 14.a4 Nf5 15.Nb3 Qb6 16.axb5 Be6
17.Ra3 O-O 18.bxa6 Rfb8 19.Nc1 Rxa6 20.Ne2 Rxa3 21.bxa3 Bd5 22.Bf4 Ra8 23.Qa1 h6
24.Kh1 Qc5 25.Nfxd4 Rxa3 26.Qc1 Qxc1 27.Bxc1 Rxd3 28.Nxf5 gxf5 29.Nf4 Rd4
30.Be3 Bc4 31.Bxd4 Bxf1 32.Nd5 e6 33.Nf6+ Bxf6 34.exf6 Kh7 35.Kg1 Bb5 36.Kf2 f4
37.Kf3 Bc6+ 38.Kxf4 Bxg2 39.Bc3 Kg6 40.Bd4 h5  1/2-1/2

[Event "TCh-NOR Club 2013"]
[Site "Fagernes NOR"]
[Date "2013.09.29"]
[Round "6.4"]
[White "Zachariassen,B"]
[Black "Trygstad,K"]
[Result "1/2-1/2"]
[WhiteElo "1957"]
[BlackElo "2216"]

1.e4 g6 2.d4 Bg7 3.Nc3 d6 4.g3 Nf6 5.Bg2 O-O 6.Nge2 Nc6 7.O-O e5 8.h3 exd4
9.Nxd4 Bd7 10.Bg5 h6 11.Be3 Re8 12.Qd2 Kh7 13.Rae1 a5 14.f4 Ra6 15.b3 Nxd4
16.Bxd4 Bc6 17.Nd5 Bxd5 18.exd5 Ra8 19.a4 b6 20.Kh2 Qd7 21.Bxf6 Bxf6 22.Rxe8 Rxe8
23.Re1 Rxe1 24.Qxe1 Kg7 25.c4 Qe7 26.Qxe7 Bxe7 27.Be4 Bf6 28.Kg2 Bc3 29.Kf3 Kf6
30.Bc2 Be1 31.Bd3 Bd2 32.Ke4 Be1 33.Kf3 Bd2 34.Ke4 Be1 35.Kf3 Bd2 36.Ke4  1/2-1/2

[Event "12th Forchheim Open A 2013"]
[Site "Forchheim GER"]
[Date "2013.09.29"]
[Round "4.18"]
[White "Maier,Al"]
[Black "Wittmann,H"]
[Result "1/2-1/2"]
[WhiteElo "2311"]
[BlackElo "2093"]

1.e4 g6 2.d4 Bg7 3.Nc3 d6 4.Bg5 c6 5.Qd2 b5 6.f4 Nf6 7.Bd3 b4 8.Nce2 Qb6
9.e5 Nd5 10.Nf3 Nd7 11.exd6 exd6 12.f5 h6 13.Bf4 Nxf4 14.Qxf4 g5 15.Qxd6 c5
16.Qg3 Qb8 17.Be4 Bb7 18.Bxb7 Qxb7 19.O-O-O O-O-O 20.Kb1 Nf6 21.Rhf1 Rhe8
22.Nc1 cxd4 23.Nb3 Re3 24.h3 Qb6 25.Qf2 Ne4 26.Qg1 Ng3 27.Rfe1 Nxf5 28.Nfd2 Rxe1
29.Rxe1 Ne3 30.Qf2 f5 31.g3 Qf6 32.Qf3 Kc7 33.Nc5 Rd5 34.Nd3 Rb5 35.Nb3 Qc6
36.Rxe3 dxe3 37.Qxe3 Kb8 38.Qe7 Rb7 39.Qd8+ Qc8 40.Qd6+ Qc7 41.Qd5 Qd7 42.Qg8+ Qc8
43.Qd5 Qd7 44.Qc4 Qf7 45.Qa6 Rb6 46.Qa4 f4 47.gxf4 gxf4 48.Nbc5 Bd4 49.Nd7+ Kb7
50.Nxb6 Bxb6 51.Qxb4 f3 52.a4 f2 53.Nxf2 Qxf2 54.a5 Qf1+ 55.Ka2 Qa6 56.Qe4+ Kb8
57.Qe8+ Kb7 58.Qe4+ Kb8 59.Qe8+ Kb7  1/2-1/2